ბათუმის შოთა რუსთაველის სახელმწიფო უნივერსიტეტის ბიბლიოთეკა

Задачи и упражнения по математическому анализу для втузов. (ბიბ.ჩანაწერი № 37270)

000 -LEADER
fixed length control field 00786nam a2200217Ia 4500
001 - CONTROL NUMBER
control field 3229
003 - CONTROL NUMBER IDENTIFIER
control field GE_BSU
008 - FIXED-LENGTH DATA ELEMENTS--GENERAL INFORMATION
fixed length control field 181216s||||||||xx |||||||||||||| ||und||
040 ## - CATALOGING SOURCE
Transcribing agency GE_BSU
080 ## - UNIVERSAL DECIMAL CLASSIFICATION NUMBER
Universal Decimal Classification number 517.2(076.1)
100 ## - MAIN ENTRY--PERSONAL NAME
Personal name Бараненков,Г.С. Демидович,Б.П. Ефименко,В.А. и др.
245 ## - TITLE STATEMENT
Title Задачи и упражнения по математическому анализу для втузов.
245 ## - TITLE STATEMENT
Statement of responsibility, etc. Под ред. Б.П.Демидовича.
250 ## - EDITION STATEMENT
Edition statement Изд 4-ое, исправленное.
260 ## - PUBLICATION, DISTRIBUTION, ETC.
Place of publication, distribution, etc. М.
260 ## - PUBLICATION, DISTRIBUTION, ETC.
Name of publisher, distributor, etc. Физматгиз.
260 ## - PUBLICATION, DISTRIBUTION, ETC.
Date of publication, distribution, etc. 1963.
300 ## - PHYSICAL DESCRIPTION
Extent 472стр.с илл.21см.
653 ## - INDEX TERM--UNCONTROLLED
Uncontrolled term Задачи и упражнения по математическому анализу.
942 ## - ADDED ENTRY ELEMENTS (KOHA)
Koha item type წიგნი
ეგზემპლარები
Withdrawn status Lost status Damaged status Not for loan Date acquired Barcode Date last seen Price effective from Koha item type
        2018-12-17 9042 2018-12-17 2018-12-17 წიგნი
        2018-12-17 9043 2018-12-17 2018-12-17 წიგნი
        2018-12-17 9044 2018-12-17 2018-12-17 წიგნი
        2018-12-17 9045 2018-12-17 2018-12-17 წიგნი